000 003710000a22001570004500
001 002293
003 MACL
040 _aMACL
090 _c14286
_d14285
100 _aKrishnamuti, B.H.
245 _aGold Nuggets
_bSelected Post I̜ndependence Telugu
_cB.H. Krishnamuti
260 _aSahitya Akademi,
_c2004
350 _a225
650 _aLiterature
942 _k895
_cBook
999 _c14205
_d14205